Представление документа в формате RUSMARC

ПолеНазваниеЗначение
  Тип записи c
  Библиографический уровень m
001 Контрольный номер UONB/MAIN/3d6f193950c447658303593a7c712e1d
005 Дата корректировки 20250520125910.1
100 Данные общей обработки __
a Данные общей обработки 20220517c2020 u##y0rusy0189## ca
101 Язык документа 0_
a Язык текста rus
102 Страна публикации __
a Страна публикации RU
105 Кодированные данные (монография) __
a Кодированные данные (монография) y z 000yy
200 Заглавие и сведения об ответственности 1_
a Заглавие Хрестоматия аккордеониста
b Общее обозначение материала Ноты
e Сведения, относящиеся к заглавию классика и современность
e Сведения, относящиеся к заглавию [для студентов музыкальных училищ, вузов]
210 Выходные данные 1_
a Место издания Москва
c Издательство Музыка
d Дата издания [20--] -
215 Физическое описание __
d Формат 29 см
225 Серия 2_
a Серия Музыкальное училище, вуз
686 Индексы других классификаций __
2 Код системы rubbk
801 Источник записи _0
a Страна RU
b Организация Ульяновская ОНБ
c Дата составления 20220517
g Правила каталогизации RCR
801 Источник записи _1
a Страна RU
b Организация Ульяновская ОНБ
c Дата составления 20220517
g Правила каталогизации RCR
901 Тип документа __
t Тип документа v